Number in Scripture; its supernatural design and spiritual significance. (Record no. 1606)

000 -LEADER
fixed length control field 00737nam a2200205 a 4500
001 - CONTROL NUMBER
control field :::00017791$&:&@@
003 - CONTROL NUMBER IDENTIFIER
control field OkBaRHE
005 - DATE AND TIME OF LATEST TRANSACTION
control field 20100326171030.0
008 - FIXED-LENGTH DATA ELEMENTS--GENERAL INFORMATION
fixed length control field s1967 j 000 0 eng u
040 ## - CATALOGING SOURCE
Transcribing agency
100 1# - MAIN ENTRY--PERSONAL NAME
Personal name Bullinger, E. W. (Ethelbert William), 1837-1913.
245 10 - TITLE STATEMENT
Title Number in Scripture; its supernatural design and spiritual significance.
260 ## - PUBLICATION, DISTRIBUTION, ETC. (IMPRINT)
Place of publication, distribution, etc Grand Rapids
Name of publisher, distributor, etc Kregel Publications
Date of publication, distribution, etc 1967
300 ## - PHYSICAL DESCRIPTION
Extent viii, 303 p. : illus. ;
Dimensions 23 cm.
650 ## - SUBJECT ADDED ENTRY--TOPICAL TERM
Topical term or geographic name as entry element Bible
General subdivision Criticism, interpretation, etc.
650 ## - SUBJECT ADDED ENTRY--TOPICAL TERM
Topical term or geographic name as entry element Symbolism in the Bible.
650 ## - SUBJECT ADDED ENTRY--TOPICAL TERM
Topical term or geographic name as entry element Symbolism of numbers.
942 ## - ADDED ENTRY ELEMENTS (KOHA)
Source of classification or shelving scheme
Koha item type Books
Copies
Barcode Date acquired Shelving location Koha item type Copy number Price effective from Full call number Source of classification or shelving scheme Collection code Withdrawn status Permanent Location Not for loan Lost status Date last seen Damaged status
177912010-04-14General StacksBooks12010-04-14 BS 534 .B83 1967 Reference RHEMA Bible Training College  2010-04-14